Alemania en Bélgica a la luz de las doctrinas de la Iglesia (Record no. 123156)

MARC details
000 -LEADER
campo de control de longitud fija 01096nam a2200217 4500
001 - NÚMERO DE CONTROL
campo de control 123156
003 - IDENTIFICADOR DE NÚMERO DE CONTROL
campo de control ES-MaACL
005 - FECHA Y HORA DE LA ÚLTIMA TRANSACCIÓN
campo de control 20230906192124.0
007 - CAMPO FIJO DE DESCRIPCIÓN FÍSICA--INFORMACIÓN GENERAL
campo de control de longitud fija t|
008 - DATOS DE LONGITUD FIJA--INFORMACIÓN GENERAL
campo de control de longitud fija 070214s1915 sp r ||||0| spa d
100 1# - ENTRADA PRINCIPAL--NOMBRE DE PERSONA
Nombre de persona Pruem, Emil.
9 (RLIN) 94078
245 10 - MENCIÓN DEL TÍTULO
Título Alemania en Bélgica a la luz de las doctrinas de la Iglesia
Resto del título : carta abierta del señor Prüm, jefe del partido católico luxemburgués, al señor Matías Erzberger, diputado en el Reichstag y leader del Centro Católico Alemán : documento recogido y cuya circulación ha sido prohibida en Alemania /
Mención de responsabilidad, etc. traducción y prólogo de Pedro Sangro y Ros de Olano; con notas de la edición francesa de René Johannet.
260 ## - PUBLICACIÓN, DISTRIBUCIÓN, ETC.
Lugar de publicación, distribución, etc. Madrid :
Nombre del editor, distribuidor, etc. [s. n.],
Fecha de publicación, distribución, etc. 1915 (
Fabricante Tip. de la Revista de Archivos, Bibliotecas y Museos)
300 ## - DESCRIPCIÓN FÍSICA
Extensión 230 p ;
Dimensiones 19 cm.
500 ## - NOTA GENERAL
Nota general Traducción de `La conversion de un catholique germanophile`.
700 1# - ENTRADA AGREGADA--NOMBRE PERSONAL
Nombre de persona Johannet, Rene.
9 (RLIN) 184137
700 1# - ENTRADA AGREGADA--NOMBRE PERSONAL
Nombre de persona Erzberger, Mathias.
9 (RLIN) 47446
700 1# - ENTRADA AGREGADA--NOMBRE PERSONAL
Nombre de persona Sangro y Ros de Olano, Pedro,
Títulos y otros términos asociados al nombre Marqués de Guad-el-Jelú.
9 (RLIN) 103144
852 ## - LOCALIZACIÓN
Ubicación ES-MaACL
Número de control de estantería D-5084
Holdings
Estatus retirado Estado de pérdida Estado de daño No para préstamo Biblioteca de origen Biblioteca actual Ubicación en estantería Fecha de adquisición Fuente de adquisición Total de préstamos Signatura topográfica completa Código de barras Visto por última vez Precio de reemplazo Tipo de ítem Koha
        Biblioteca del Ateneo de Madrid Biblioteca del Ateneo de Madrid Sala Valle Inclán 17/01/2008     D-5084 901128328 23/02/2023 23/02/2023 Libro impreso